Normal view
MARC view
Entry Uniform Title
001 - CONTROL NUMBER
- control field: 55796
003 - CONTROL NUMBER IDENTIFIER
- control field: OSt
005 - DATE AND TIME OF LATEST TRANSACTION
- control field: 20240102154927.0
008 - FIXED-LENGTH DATA ELEMENTS
- fixed length control field: 240102|| aca||aabn | a|a d
040 ## - CATALOGING SOURCE
- Original cataloging agency: OSt
- Transcribing agency: OSt
130 ## - HEADING--UNIFORM TITLE
- Uniform title: Bible
- Language of a work: Turkana
670 ## - SOURCE DATA FOUND
- Source citation: Work cat.: (OSt)67808: Abibilia ngakiro naajokak., c2001.
